header

Equality of opportunity (Record no. 58173)

MARC details
000 -LEADER
fixed length control field 01335nam a2200337Ia 4500
100 1# - MAIN ENTRY--AUTHOR NAME
Personal name Roemer, John E.
245 10 - TITLE STATEMENT
Title Equality of opportunity
260 ## - PUBLICATION, DISTRIBUTION, ETC. (IMPRINT)
Place of publication Cambridge, MA :
Name of publisher Harvard University Press,
Year of publication 1998.
300 ## - PHYSICAL DESCRIPTION
Number of Pages 120 p. :
Other physical details ill.
650 #0 - SUBJECT ADDED ENTRY--TOPICAL TERM
Topical Term Welfare economics
Topical Term Distributive justice
Topical Term Equality
Topical Term Competition
Topical Term Social policy
856 40 - ELECTRONIC LOCATION AND ACCESS
Uniform Resource Identifier http://site.ebrary.com/lib/rucke/Doc?id=10314253

No items available.

© 2026 Rongo University
Contact us: librarian | system librarian | Rongo university